1408 1112 1793 1562 1742 1929 1165 1648 1650 1287 1865 1541 1345 1166 1991 1364 1191 1005 1109 1305 1259 1647 1506 1706 1637 1866 1008 1297 1992 1036 1190 1381 1877 1367 1955 1839 1905 1639 1780 1566 1339 1918 1840 1702 1679 1813 1138 1251 1580 1001 1289 1748 1325 1605 1733 1521 1603 1419 1654 1273 1859 1202 1279 1011 1070 1393 1854 1554 1529 1282 1330 1333 1242 1375 1874 1229 1734 1729 1884 1873 1754 1315 1408 1785 1028 1199 1871 1291 1285 1008 1315 1891 1669 1063 1359 1507 1202 1719 1691 BCNSPRNW ULIB Ver.6.0+V

เปลี่ยนเป็นภาษาไทย

Change to English
 แสดงรายละเอียดบรรณานุกรม
  กลับหน้าหลัก

Brief Record : Get Marc (ISO 2709) : E-mail record : QR code < ปิดหน้าต่าง
LEADER : 00000nam 2200000uu 4500
001    13399113980
003     ULIB
008    110627s||||||||th 000 0 tha d
020    9789749601648
090    นว.^bร942ฮ ล.7 2550
100 0  โรว์ลิ่ง, เจ.เค.
245 00 แฮร์รี่ พอตเตอร์ กับเครื่องรางยมทูต เล่ม7/^cโรว์ลิ่ง, เจ.เค.
250    พิมพ์ครั้งที่ 8
260    กรุงเทพฯ :^bนานมีบุ๊คส์,^c2550
300    970 หน้า
710 1  นานมีบุ๊คส์
945    ^p495^l0^i022285
995    ทศพร
999 ^a ใช้งานได้ทุกระบบ
รายการนี้ยังไม่มีแท็ก
คุณยังไม่ได้ล็อกอิน คุณสามารถมีกิจกรรมร่วมกับเว็บไซต์ได้ แต่ต้องล็อกอินก่อน ::
  ล็อกอิน

รายการสื่อสารสนเทศ

ลำดับที่ ประเภท เลขเรียก/บาร์โค้ด สถานที่ สถานะ
1. นวนิยาย
นวนิยาย
นว. ร942ฮ ล.7 2550 ฉ.1 
  Barcode: 022285
ห้องสมุดวิทยาเขตสวรรค์ประชารักษ์
►นวนิยาย
บนชั้น
  ขอยืม

รายการใกล้เคียง
    ผู้แต่ง [โรว์ลิ่ง, เจ.เค.]

BibComment


ยังไม่เคยถูกคอมเมนท์

คอมเมนท์ทรัพยากรรายการนี้
  คอมเมนท์: แฮร์รี่ พอตเตอร์ ..


 Copyright 2026. Bcnsprnw @Library